Object-oriented programming with C++ (Record no. 130150)

MARC details
000 -LEADER
fixed length control field 00400nam a2200157Ia 4500
008 - FIXED-LENGTH DATA ELEMENTS--GENERAL INFORMATION
fixed length control field 230917s9999||||xx |||||||||||||| ||und||
040 ## - CATALOGING SOURCE
-- 109739
Original cataloging agency VIVEKANANDA LIBRARY
041 ## - Language
-- English
082 ## - DDC NUMBER
Classification number 005.133 B181O
100 ## - MAIN ENTRY--PERSONAL NAME
Personal name Balagurusamy, E
245 #0 - TITLE STATEMENT
Title Object-oriented programming with C++
250 ## - EDITION STATEMENT
Edition statement 3rd ed.
260 ## - PUBLICATION, DISTRIBUTION, ETC. (IMPRINT)
Place of publication, distribution, etc New Delhi
Name of publisher, distributor, etc Tata McGraw-Hill
Date of publication, distribution, etc 2006
300 ## - PHYSICAL DESCRIPTION
Pages xiii, 614 p.
942 ## - ADDED ENTRY ELEMENTS (KOHA)
Koha item type Books
Holdings
Withdrawn status Lost status Damaged status Not for loan Location (home branch) Sublocation or collection (holding branch) Shelving location Date acquired Koha issues (times borrowed) Koha full call number Accession No. Koha date last seen Koha item type
        VIVEKANANDA LIBRARY VIVEKANANDA LIBRARY UIET Library 04/05/2006   005.133 B181O 228048 17/09/2023 Books
        VIVEKANANDA LIBRARY VIVEKANANDA LIBRARY UIET Library 04/05/2006   005.133 B181O 228049 17/09/2023 Books
        VIVEKANANDA LIBRARY VIVEKANANDA LIBRARY UIET Library 04/05/2006   005.133 B181O 228050 17/09/2023 Books
        VIVEKANANDA LIBRARY VIVEKANANDA LIBRARY UIET Library 04/05/2006 4 005.133 B181O 228051 09/03/2026 Books
        VIVEKANANDA LIBRARY VIVEKANANDA LIBRARY UIET Library 04/05/2006 3 005.133 B181O 228052 10/12/2024 Books
        VIVEKANANDA LIBRARY VIVEKANANDA LIBRARY UIET Library 04/05/2006 4 005.133 B181O 228053 21/04/2026 Books
        VIVEKANANDA LIBRARY VIVEKANANDA LIBRARY UIET Library 04/05/2006   005.133 B181O 228054 17/09/2023 Books
        VIVEKANANDA LIBRARY VIVEKANANDA LIBRARY UIET Library 04/05/2006   005.133 B181O 228055 17/09/2023 Books
        VIVEKANANDA LIBRARY VIVEKANANDA LIBRARY UIET Library 04/05/2006 2 005.133 B181O 235645 07/03/2025 Books
        VIVEKANANDA LIBRARY VIVEKANANDA LIBRARY UIET Library 04/05/2006   005.133 B181O 235646 17/09/2023 Books
        VIVEKANANDA LIBRARY VIVEKANANDA LIBRARY UIET Library 04/05/2006   005.133 B181O 235791 17/09/2023 Books
        VIVEKANANDA LIBRARY VIVEKANANDA LIBRARY UIET Library 04/05/2006 3 005.133 B181O 235794 02/01/2026 Books
        VIVEKANANDA LIBRARY VIVEKANANDA LIBRARY   04/05/2006   005.133 B181O 238194 17/09/2023 Books
        VIVEKANANDA LIBRARY VIVEKANANDA LIBRARY   04/05/2006   005.133 B181O 238195 17/09/2023 Books
        VIVEKANANDA LIBRARY VIVEKANANDA LIBRARY   04/05/2006   005.133 B181O 238196 17/09/2023 Books
        VIVEKANANDA LIBRARY VIVEKANANDA LIBRARY   04/05/2006   005.133 B181O 238197 17/09/2023 Books
        VIVEKANANDA LIBRARY VIVEKANANDA LIBRARY   04/05/2006 2 005.133 B181O 238198 16/02/2026 Books
        VIVEKANANDA LIBRARY VIVEKANANDA LIBRARY UIET Library 04/05/2006 5 005.133 B181O 245946 01/04/2026 Books
        VIVEKANANDA LIBRARY VIVEKANANDA LIBRARY   04/05/2006 3 005.133 B181O 290730 20/05/2025 Books
© Designed and Maintained by Vivekananda Library, MDU Rohtak